000 00740nam a22002057a 4500
999 _c17024
_d17024
003 AR-CdUCM
008 190507b ||||| |||| 00| 0 spa d
040 _aMUNICIPALIDAD PROVINCIAL DEL CUSCO
_cBIBLIOTECA MUNICIPAL DEL CUSCO
082 _a740.985 /
_bI36
100 _aIllescas Cook, Guillermo
_936836
245 _aEl candelabro de Paracas y la Cruz del Sur /
260 _aLima :
_bTalleres Garcilaso,
_c1981.
300 _a74 paginas ;
_bIlustraciones,
_c18 cm.
505 _aContenido : Candelabro de Paracas -- Constelación del candelabro -- Lineas fundamentales del candelabro.
650 _aCultura Paracas
_936837
650 _aPerú
_935
650 _aCandelabro
_936838
942 _2ddc
_cLIBROS
945 _awnts
_d2019-05-7